<?xml version="1.0" encoding="UTF-8"?>
<collection xmlns="http://www.loc.gov/MARC21/slim">
 <record>
  <leader>01035nam#a2200349#c#4500</leader>
  <controlfield tag="001">UMA-000279</controlfield>
  <controlfield tag="003">UMA</controlfield>
  <controlfield tag="008">260424suuuu####   ##########||||#0#spa#d</controlfield>
  <controlfield tag="005">20260424    161839</controlfield>
  <datafield tag="020" ind1="#" ind2="#">
   <subfield code="a">9789870342830</subfield>
  </datafield>
  <datafield tag="041" ind1="0" ind2=" ">
   <subfield code="a">spa</subfield>
  </datafield>
  <datafield tag="044" ind1="#" ind2="#">
   <subfield code="a">ag</subfield>
  </datafield>
  <datafield tag="082" ind1="0" ind2="4">
   <subfield code="a">SEDE CENTRAL 657.45 FOW v.1</subfield>
  </datafield>
  <datafield tag="100" ind1="1" ind2="#">
   <subfield code="a">Fowler Newton, Enrique</subfield>
   <subfield code="e">Autor</subfield>
  </datafield>
  <datafield tag="245" ind1="0" ind2="0">
   <subfield code="a">Tratado de auditoría</subfield>
   <subfield code="n">v.1</subfield>
   <subfield code="c">Enrique Fowler Newton</subfield>
  </datafield>
  <datafield tag="250" ind1="#" ind2="#">
   <subfield code="a">5a. edición</subfield>
  </datafield>
  <datafield tag="264" ind1="#" ind2="0">
   <subfield code="a">Buenos Aires, Argentina</subfield>
   <subfield code="b">La Ley</subfield>
   <subfield code="c">2022</subfield>
  </datafield>
  <datafield tag="300" ind1="#" ind2="#">
   <subfield code="a">v.1, 806 páginas</subfield>
   <subfield code="c">24 x 17 cm</subfield>
  </datafield>
  <datafield tag="336" ind1="#" ind2="#">
   <subfield code="a">texto</subfield>
   <subfield code="b">txt</subfield>
   <subfield code="2">rdacontent</subfield>
  </datafield>
  <datafield tag="337" ind1="#" ind2="#">
   <subfield code="a">no mediado</subfield>
   <subfield code="b">n</subfield>
   <subfield code="2">rdamedia</subfield>
  </datafield>
  <datafield tag="338" ind1="#" ind2="#">
   <subfield code="a">volumen</subfield>
   <subfield code="b">nc</subfield>
   <subfield code="2">rdacarrier</subfield>
  </datafield>
  <datafield tag="650" ind1="#" ind2="0">
   <subfield code="a">Ciencias económicas</subfield>
  </datafield>
  <datafield tag="653" ind1="#" ind2="#">
   <subfield code="a">Auditoría</subfield>
  </datafield>
  <datafield tag="653" ind1="#" ind2="#">
   <subfield code="a">Contabilidad</subfield>
  </datafield>
  <datafield tag="653" ind1="#" ind2="#">
   <subfield code="a">Servicios de aseguramiento</subfield>
  </datafield>
  <datafield tag="653" ind1="#" ind2="#">
   <subfield code="a">Estándares internacionales</subfield>
  </datafield>
  <datafield tag="653" ind1="#" ind2="#">
   <subfield code="a">Gestión y calidad</subfield>
  </datafield>
  <datafield tag="653" ind1="#" ind2="#">
   <subfield code="a">Estados financieros</subfield>
  </datafield>
  <datafield tag="653" ind1="#" ind2="#">
   <subfield code="a">Relación con el cliente</subfield>
  </datafield>
  <datafield tag="653" ind1="#" ind2="#">
   <subfield code="a">Procedimientos de auditoría</subfield>
  </datafield>
  <datafield tag="653" ind1="#" ind2="#">
   <subfield code="a">Planeamiento y administración</subfield>
  </datafield>
  <datafield tag="653" ind1="#" ind2="#">
   <subfield code="a">Sede Central</subfield>
  </datafield>
 </record>
</collection>
